00349nam a2200133Ia 4500020001800000082002100018100002600039245003000065260002800095300001300123440003100136650002400167650002400191 a0-415-26034-5 aRR 920.923 CHO-W aCohn-Sherbok, Lavinia 0aWho's who in Christianity aLondonbRoutledgec2002 axvi, 361 aRoultedge who's who series aChristian biography aReligious biography